Memorization Quiz Stats

 Plays Quiz not verified by Sporcle

Support Sporcle.
Go Orange.
Score 0/20 Timer 03:00
0 Plays Today
Numbers Memorization % Correct
????
100%
????
98.6%
????
95.9%
????
95.9%
????
95.9%
????
95.9%
????
95.9%
????
95.9%
????
93.2%
????
56.2%
Numbers Memorization % Correct
????
54.8%
????
49.3%
????
49.3%
????
49.3%
????
49.3%
????
41.1%
????
38.4%
????
35.6%
????
35.6%
????
24.7%

You're not logged in!

Compare scores with friends on all Sporcle quizzes.
OR
Log In

From the Vault

'Q', 'X', 'Y', and 'Z' Movies by Picture

by sweett310

Qxyz would certainly be a strange name for a movie.
Remove Ads.
Support Sporcle.
Get the best of Sporcle when you Go Orange. This ad-free experience offers more features, more stats, and more fun while also helping to support Sporcle. Thank you for becoming a member.

Show Comments

Extras

Created Feb 8, 2011ReportNominate

Top Quizzes Today


Score Distribution

Your Account Isn't Verified!

In order to create a playlist on Sporcle, you need to verify the email address you used during registration. Go to your Sporcle Settings to finish the process.

Report this User

Report this user for behavior that violates our Community Guidelines.

Details: